000 00559nam a2200229Ia 4500
003 OSt
005 20220918193138.0
006 a|||||r|||| 00| 0
007 ta
008 220917b |||||||| |||| 00| 0 eng d
024 _a72,034
037 _cTextual
040 _aARTS
_cARTS
_beng
041 _2eng
_aeng
082 _aR6uN5, K7 Q4
100 _aGerber William
_981114
245 0 _aMind of India
260 _c1967
650 _aINDIAN PHILOSOPHY
942 _hR6uN5, K7 Q4
_cTEXL
_2CC
999 _c198083
_d198083